| 000 | 00584nam a2200217Ia 4500 | ||
|---|---|---|---|
| 005 | 20250508154504.0 | ||
| 008 | 008 250505s9999 xx 000 0 eng d | ||
| 037 | _aTextual | ||
| 040 |
_aFEDL _beng _cFEDL |
||
| 041 |
_aeng _2eng |
||
| 084 |
_a371.1, STI _qFEDL |
||
| 100 | _aStinnett T M | ||
| 245 | 0 | _aProfessional problems of teachers | |
| 250 | _a2 | ||
| 260 |
_aNew York, USA _bThe Macmillan Company _c1963 |
||
| 300 | _axii,516p | ||
| 650 | _aTeaching | ||
| 700 |
_a Huggett Albert J _9765528 |
||
| 942 |
_cTEXL _h371.1, STI |
||
| 999 |
_c1350551 _d1350551 |
||